000 00737nas a2200241 4500
001 BR9507420
003 BR-BrBNA
005 20231205095439.0
007 ta
008 230509b bl.|||p| |||| 00| 00por d
040 _aBR-BrBNA
_bpor
_cBiblioteca Nacional de Agricultura
041 _a(Pt)
072 _aL73
100 1 _aHipolito, O.
100 1 _aGodoy, A.M. de
100 1 _aMuth, H.
245 1 _aEstudos sobre a bronquite infecciosa das galinhas no Brasil
650 _aGalinha
650 _aBronquite
773 0 _tArquivos da Escola de Veterinaria da Universidade Rural do Estado de Minas Gerais (Brasil)
_x
_g(1960-1961), v. 13 p. 57-59
_wBR9507420
909 _a202311
_bLúcia
_c55
_dLúcia Elande
942 _2AGRIS
_n0
_cANA
999 _c150730
_d150730